All Incorporated Municipalities of Allegheny County, Pennsylvania - Statistics

General Stats
  • This quiz has been taken 54 times
  • The average score is 79 of 130
Answer Stats
Answer % Correct
Pittsburgh
100%
McKees Rocks
95%
McKeesport
91%
Moon
91%
Sewickley
86%
Bethel Park
82%
Braddock
82%
Carnegie
82%
Millvale
82%
Plum
82%
Bellevue
77%
Elizabeth
77%
Monroeville
77%
Mount Lebanon
77%
Penn Hills
77%
Avalon
73%
Dormont
73%
Duquesne
73%
Fox Chapel
73%
Homestead
73%
Munhall
73%
Robinson
73%
Versailles
73%
West Mifflin
73%
Wilkins
73%
Wilkinsburg
73%
Baldwin
68%
Ben Avon
68%
Bridgeville
68%
Clairton
68%
Mount Oliver
68%
Ohio
68%
Ross
68%
Shaler
68%
Swissvale
68%
Tarentum
68%
Whitehall
68%
Aspinwall
64%
Braddock Hills
64%
Castle Shannon
64%
Coraopolis
64%
Etna
64%
Forward
64%
Green Tree
64%
Oakdale
64%
Sewickley Heights
64%
Sewickley Hills
64%
South Park
64%
Turtle Creek
64%
Upper Saint Clair
64%
West Homestead
64%
Brentwood
59%
Crescent
59%
Dravosburg
59%
East Pittsburgh
59%
Edgewood
59%
Fawn
59%
Glassport
59%
Hampton
59%
Jefferson Hills
59%
North Versailles
59%
Oakmont
59%
Pine
59%
Pleasant Hills
59%
Rankin
59%
Rosslyn Farms
59%
Sharpsburg
59%
Verona
59%
West Deer
59%
West Elizabeth
59%
Wilmerding
59%
Aleppo
55%
Ben Avon Heights
55%
Blawnox
55%
Churchill
55%
East Deer
55%
Edgeworth
55%
Forest Hills
55%
Glenfield
55%
Glen Osborne
55%
Ingram
55%
Kennedy
55%
Liberty
55%
McCandless
55%
McDonald
55%
North Braddock
55%
Pennsbury Village
55%
Pitcairn
55%
Reserve
55%
South Fayette
55%
South Versailles
55%
Thornburg
55%
Trafford
55%
Wall
55%
West View
55%
Whitaker
55%
Bell Acres
50%
Brackenridge
50%
Crafton
50%
East McKeesport
50%
Emsworth
50%
Findlay
50%
Frazer
50%
Harrison
50%
Kilbuck
50%
Lincoln
50%
Neville
50%
North Fayette
50%
Port Vue
50%
Richland
50%
Stowe
50%
White Oak
50%
Bradford Woods
45%
Cheswick
45%
Collier
45%
Franklin Park
45%
Leet
45%
O'Hara
45%
Springdale
45%
Chalfant
41%
Haysville
41%
Indiana
41%
Leetsdale
41%
Marshall
41%
Scott
41%
Harmar
36%
Heidelburg
36%
No matching quizzes found
Score Distribution
Percent of People with Each Score
Percentile by Number Answered
Your Score History
You have not taken this quiz